000 00688nam a2200217Ia 4500
003 IN-BaIIA
008 211028s9999 xx 000 0 eng d
020 _a90-277-1862-8
040 _cIIA Library
080 _a523.92
_bSTU-3
245 0 _aPhysics of the Sun
_bvol. 3, the solar interior
_cedited by Peter A Sturrock
260 _aDordrecht
_bD. Reidel Publishing
_c1986
300 _aviii, 257p.
650 _aAstronomy and astrophysics thesaurus
650 _aEarth
650 _aSolar planetary relations
_91464
650 _aSolar terrestrial relations
_93191
650 _aSun
_91200
700 _aSturrock, Peter A., ed.
_911889
942 _cBK
999 _c8700
_d8700